Представление документа в формате RUSMARC

ПолеНазваниеЗначение
  Тип записи a
  Библиографический уровень m
001 Контрольный номер RU/CBS_UL/BASE/458bf747c2654c9bb2068be5b77b64c4
005 Дата корректировки 20240618104433.6
010 Индекс ISBN __
a ISBN
b Уточнения в пер.
d Цена 120 р. 00 к.
9 Тираж экз.
100 Данные общей обработки __
a Данные общей обработки 20240618d 0rusy0189## ca
101 Язык документа 0_
a Язык текста rus
102 Страна публикации __
a Страна публикации RU
200 Заглавие и сведения об ответственности 1_
a Заглавие Десятый праведник
e Сведения, относящиеся к заглавию роман, повести
f Первые сведения об ответственности Л. Николов
210 Выходные данные 1_
a Место издания Москва
c Издательство ЭКСМО
d Дата издания 2004
215 Физическое описание __
a Объем 412 с.
d Формат см.
225 Серия 2_
a Серия Русская фантастика
300 Общие примечания __
a Общие примечания 16+
300 Общие примечания __
a Общие примечания Под инв. номером 128706: Ц-1
606 Тематические рубрики 0_
a Основная рубрика Болгарская литература, 20-21 вв. - Фантастика
610 Ключевые слова 0_
a Ключевые слова фантастика; мир будущего; антиутопия; приключения; постапокалипсис; катастрофы экологические
686 Индексы других классификаций __
2 Код системы rubbk
a Классификационный индекс 84(4Бол)
700 Автор _1
a Фамилия Николов
b Имя (инициалы) Л.
g Полное личное имя Любомир
801 Источник записи _0
a Страна RU
b Организация МБУК ЦБС г. Ульяновска
c Дата составления 20240618
g Правила каталогизации RCR
801 Источник записи _1
a Страна RU
b Организация МБУК ЦБС г. Ульяновска
c Дата составления 20240618
g Правила каталогизации RCR
852 Данные о местонахождении __
i Авторский знак Н 63
j Шифр хранения И(Болг)
901 Тип документа __
t Тип документа m
909 Создатель записи __
a Создатель записи obr6
b Дата создания записи 20240618